<?xml version="1.0" encoding="UTF-8"?>
<record
    xmlns:xsi="http://www.w3.org/2001/XMLSchema-instance"
    xsi:schemaLocation="http://www.loc.gov/MARC21/slim http://www.loc.gov/standards/marcxml/schema/MARC21slim.xsd"
    xmlns="http://www.loc.gov/MARC21/slim">

  <leader>02669cam a2200361 i 4500</leader>
  <datafield tag="999" ind1=" " ind2=" ">
    <subfield code="c">30031</subfield>
    <subfield code="d">30031</subfield>
  </datafield>
  <controlfield tag="001">18290958</controlfield>
  <controlfield tag="005">20190128121028.0</controlfield>
  <controlfield tag="008">140905s2015    enka     b    001 0 eng  </controlfield>
  <datafield tag="010" ind1=" " ind2=" ">
    <subfield code="a">  2014034058</subfield>
  </datafield>
  <datafield tag="020" ind1=" " ind2=" ">
    <subfield code="a">9780521519298 (hardback)</subfield>
  </datafield>
  <datafield tag="020" ind1=" " ind2=" ">
    <subfield code="a">9780521740203 (paperback)</subfield>
  </datafield>
  <datafield tag="040" ind1=" " ind2=" ">
    <subfield code="a">DLC</subfield>
    <subfield code="b">eng</subfield>
    <subfield code="c">DLC</subfield>
    <subfield code="e">rda</subfield>
    <subfield code="d">DLC</subfield>
  </datafield>
  <datafield tag="042" ind1=" " ind2=" ">
    <subfield code="a">pcc</subfield>
  </datafield>
  <datafield tag="050" ind1="0" ind2="0">
    <subfield code="a">BF38 </subfield>
    <subfield code="b">.W656 2015</subfield>
  </datafield>
  <datafield tag="082" ind1="0" ind2="0">
    <subfield code="a">150.1</subfield>
    <subfield code="2">23</subfield>
  </datafield>
  <datafield tag="084" ind1=" " ind2=" ">
    <subfield code="a">PHI015000</subfield>
    <subfield code="2">bisacsh</subfield>
  </datafield>
  <datafield tag="100" ind1="1" ind2=" ">
    <subfield code="a">Weiskopf, Daniel A.,</subfield>
    <subfield code="d">1973-</subfield>
  </datafield>
  <datafield tag="245" ind1="1" ind2="3">
    <subfield code="a">An introduction to the philosophy of psychology /</subfield>
    <subfield code="c">Daniel A. Weiskopf and Fred Adams.</subfield>
  </datafield>
  <datafield tag="300" ind1=" " ind2=" ">
    <subfield code="a">xiv, 316 pages :</subfield>
    <subfield code="b">illustrations ;</subfield>
    <subfield code="c">25 cm.</subfield>
  </datafield>
  <datafield tag="490" ind1="0" ind2=" ">
    <subfield code="a">Cambridge introductions to philosophy</subfield>
  </datafield>
  <datafield tag="504" ind1=" " ind2=" ">
    <subfield code="a">Includes bibliographical references (pagesw 275-304) and index.</subfield>
  </datafield>
  <datafield tag="520" ind1=" " ind2=" ">
    <subfield code="a">"Our topic here is psychology, the self-styled science of the mind. Psychology's aim is to explain mental phenomena by describing the underlying processes, systems, and mechanisms that give rise to them. These hidden causal levers underlie all of our mental feats, including our richest conscious perceptions, our most subtle chains of reasoning, and our widest-ranging plans and actions. While the phenomena of mind are intimately related to events occurring in the brain, these psychological explanations are, we will argue, distinct and autonomous from explanations in terms of neural processes and mechanisms. According to the view we present here, psychology and neuroscience are different enterprises. We certainly wouldn't claim that our ever-increasing understanding of how the brain works has nothing to say to psychology: on the contrary, they are complimentary, since neuroscience can provide invaluable input to psychological theorizing (and vice versa, a point that we think is not stressed often enough). But our task will be to give a thorough account of the scope, methods, content, and prospects for a distinctive science of our mental lives"--</subfield>
  </datafield>
  <datafield tag="650" ind1=" " ind2="0">
    <subfield code="a">Psychology</subfield>
    <subfield code="x">Philosophy.</subfield>
  </datafield>
  <datafield tag="650" ind1=" " ind2="7">
    <subfield code="a">PHILOSOPHY / Mind &amp; Body.</subfield>
    <subfield code="2">bisacsh</subfield>
  </datafield>
  <datafield tag="700" ind1="1" ind2=" ">
    <subfield code="a">Adams, Frederick.</subfield>
  </datafield>
  <datafield tag="856" ind1="4" ind2="2">
    <subfield code="3">Cover image</subfield>
    <subfield code="u">http://assets.cambridge.org/97805217/40203/cover/9780521740203.jpg</subfield>
  </datafield>
  <datafield tag="906" ind1=" " ind2=" ">
    <subfield code="a">7</subfield>
    <subfield code="b">cbc</subfield>
    <subfield code="c">orignew</subfield>
    <subfield code="d">1</subfield>
    <subfield code="e">ecip</subfield>
    <subfield code="f">20</subfield>
    <subfield code="g">y-gencatlg</subfield>
  </datafield>
  <datafield tag="942" ind1=" " ind2=" ">
    <subfield code="2">lcc</subfield>
    <subfield code="c">BOOKS</subfield>
    <subfield code="h">BF38 .W656 2015</subfield>
  </datafield>
  <datafield tag="952" ind1=" " ind2=" ">
    <subfield code="0">0</subfield>
    <subfield code="1">0</subfield>
    <subfield code="2">lcc</subfield>
    <subfield code="4">0</subfield>
    <subfield code="7">0</subfield>
    <subfield code="a">MUC</subfield>
    <subfield code="b">MUC</subfield>
    <subfield code="c">GEN</subfield>
    <subfield code="d">2019-01-28</subfield>
    <subfield code="e">Donation (EYS)</subfield>
    <subfield code="g">4588.00</subfield>
    <subfield code="l">0</subfield>
    <subfield code="o">BF38 .W656 2015</subfield>
    <subfield code="p">38518</subfield>
    <subfield code="r">2019-01-28</subfield>
    <subfield code="w">2019-01-28</subfield>
    <subfield code="y">BOOKS</subfield>
  </datafield>
</record>
